01727agaaa2200313 45000010005000000030009000050050017000140070009000310080040000400400023000800410013001031000046001161300035001622400036001972450165002332460029003982500022004272600083004493000034005325080142005665110085007085200362007935380016011555460013011716500056011847000058012407000053012987000062013511431IT-RoPAU20220918181226.0d cvaizq50131s9999||||xx ||| | || ||und|| aIT-RoPAUcIT-RoPAU aITALIANO aArau AlfonsogCodice regista SPICS: 47162 aCOME L'ACQUA PER IL CIOCCOLATO aCOMO AGUA PARA CHOCOLATEgT3012 aCOME L'ACQUA PER IL CIOCCOLATOcSceneggiatura: Esquivel Laura -- Diretto da: Arau AlfonsopCOME L'ACQUA PER IL CIOCCOLATO (Rif. Codice opera principale : E1431) aCOMO AGUA PARA CHOCOLATE aEdizione Standard aMESSICO (MESSICO)bFF & C. / g"1993 (1° ed.: 1996 ; Ed. Lingua Orig.: 1993)" aVHSbsonoro, col.c104 minuti a"Fotografia: Bernstein Steve; Montaggio: Bolado Carlos; Musica: Brower Leo; Sceneggiatura: Esquivel Laura; Scenografia: Mendoza Emilio; " a"Arizmendi Yareli; Carrasco Ada; Cavazos Lumi; Leonardi Marco; Maille Claudette" aMESSICO 1895 TITA E' BELLA INTELLIGENTE E CUCINA BENISSIMO. SI INNAMORA RICAMBIATA DI PEDRO MA I DUE NON POSSONO SPOSARSI: LA TRADIZIONE FAMILIARE VUOLE CHE IL GIOVANE PRENDA IN MOGLIE LA PRIMOGENITA. E COSI' ACCADE MA IL LORO AMORE NON FINISCE: DURA NEL TEMPO E GLI EVENTI PERSONALI E STORICI SARANNO SCANDITI DA MANICARETTI PRELIBATI DAGLI EFFETTI MAGICI. aPAL, STEREO aITALIANO aDRAMMATICOeFILMS [VHS]xCodice MATERIA SPICS: 9960 aArau Alfonso e(regista)gCodice regista SPICS: 47162 aBrower Leoe(musica)gCodice Musica SPICS: 36892 aEsquivel Laura e(soggetto)gCodice Soggetto SPICS: 47163